[Event "45th Rilton Cup 2015-16"]
[Site "Stockholm SWE"]
[Date "2015.12.30"]
[Round "4.23"]
[White "Sjodahl, Pontus"]
[Black "Krantz, Christopher"]
[Result "1/2-1/2"]
[WhiteTitle "IM"]
[WhiteElo "2404"]
[BlackElo "2230"]
[WhiteFideId "1700537"]
[BlackFideId "1707876"]
[EventDate "2015.12.27"]

1. d4 d5 2. c4 e6 3. Nc3 Bb4 4. a3 Bxc3+ 5. bxc3 c5 6. e3 Nc6 7. cxd5 exd5 8.
Bd3 Nge7 9. Rb1 O-O 10. Ne2 b6 11. Ng3 Be6 12. Qh5 h6 13. O-O Qd7 14. h3 f6 15.
a4 Rfe8 16. Ba3 cxd4 17. cxd4 Bf7 18. Qf3 Bg6 19. Bxg6 Nxg6 20. Nf5 Nge7 21.
Nxe7+ Nxe7 22. Rb5 Rad8 23. Bxe7 Rxe7 24. Rfb1 Qe6 25. a5 bxa5 26. Rxa5 Qe4 27.
Qxe4 dxe4 28. Rba1 Rdd7 29. g4 g5 30. Ra6 Kg7 31. R1a5 Rb7 32. Kg2 Kf7 33. Kg3
Rec7 34. h4 Re7 35. h5 Rec7 36. Kg2 Re7 37. Rc6 Rec7 38. Rxc7+ Rxc7 39. Ra6 Rb7
40. Kg3 Rc7 41. Ra3 Ke6 42. f3 exf3 43. Kxf3 Kd5 44. Ra6 Rf7 45. Ra4 Kc6 46. Ke4
Re7+ 47. Kd3 Kb5 48. Ra1 a5 49. Rb1+ Kc6 50. Rf1 Re6 51. Ra1 Kb5 52. d5 Re8 53.
Kd4 a4 54. Rb1+ Ka5 55. Rb7 a3 56. d6 Ra8 57. Kc3 Rd8 58. Rb3 a2 59. Ra3+ Kb5
60. Rxa2 Rxd6 61. Ra8 Kc5 62. Rh8 Kd5 63. Kd3 Ke6+ 64. Ke4 Kf7 65. Rh7+ Kg8 66.
Ra7 Re6+ 67. Kf5 Rxe3 68. Kg6 Kf8 69. Ra4 Rf3 70. Ra8+ Ke7 71. Ra7+ Kf8 72. Rf7+
Ke8 73. Rxf6 Rf4 74. Re6+ Kf8 75. Rf6+ Ke8 76. Ra6 Rxg4 77. Kxh6 Kf7 78. Ra7+
Kf6 79. Ra6+ Kf7 80. Ra5 Kf6 81. Ra8 Kf7 82. Kh7 Rh4 83. h6 g4 84. Ra1 Kf6 85.
Ra4 Kg5 86. Kg7 Rh1 87. h7 g3 88. Ra6 Rxh7+ 89. Kxh7 Kf4 90. Kh6 g2 91. Ra1 Kf3
92. Kg5 Kf2 93. Kf4 g1=Q 94. Rxg1 Kxg1 1/2-1/2

[Event "45th Rilton Cup 2015-16"]
[Site "Stockholm SWE"]
[Date "2015.12.30"]
[Round "4.24"]
[White "Jogstad, Martin"]
[Black "Hagen, Andreas Skytte"]
[Result "1/2-1/2"]
[BlackTitle "IM"]
[WhiteElo "2125"]
[BlackElo "2395"]
[WhiteFideId "1715364"]
[BlackFideId "1407341"]
[EventDate "2015.12.27"]

1. c4 e5 2. g3 Nf6 3. Bg2 d5 4. cxd5 Nxd5 5. Nc3 Nb6 6. e3 Nc6 7. Nge2 Bd6 8.
O-O O-O 9. f4 f6 10. d4 exd4 11. Nxd4 Nxd4 12. Qxd4 Be7 13. Qe4 c6 14. Kh1 Qe8
15. b3 f5 16. Qc2 Be6 17. Bb2 Qf7 18. Rae1 Rad8 19. e4 Rd7 20. exf5 Bxf5 21. Be4
h6 22. Bxf5 Qxf5 23. Ne4 Bb4 24. Re2 Qd5 25. a3 Be7 26. Rd2 Qb5 27. Re1 Rxd2 28.
Nxd2 Qd5+ 29. Ne4 Rd8 30. Kg1 Qd3 31. Qc3 Qxc3 32. Nxc3 Kf7 33. Rd1 Re8 34. Kf1
Bf6 35. Rd3 c5 36. Nd1 c4 37. bxc4 Nxc4 38. Bxf6 Kxf6 39. Kf2 Re6 40. Nc3 Ra6
41. a4 Nb2 42. Rd4 Rc6 43. Ne4+ Ke7 44. Ke3 b6 45. Kd2 h5 46. h3 Nc4+ 47. Kd3
Nb2+ 48. Kd2 Nc4+ 49. Kd3 Nb2+ 50. Kd2 Nc4+ 1/2-1/2

[Event "45th Rilton Cup 2015-16"]
[Site "Stockholm SWE"]
[Date "2015.12.30"]
[Round "4.25"]
[White "Wallace, John Paul"]
[Black "Eriksson, Jorgen"]
[Result "1-0"]
[WhiteTitle "IM"]
[WhiteElo "2383"]
[BlackElo "2206"]
[WhiteFideId "3200957"]
[BlackFideId "1701967"]
[EventDate "2015.12.27"]

1. e4 d6 2. d4 Nf6 3. f3 Nc6 4. Be3 e5 5. d5 Ne7 6. g4 Ng6 7. Nc3 c6 8. Qd2 Be7
9. O-O-O Qa5 10. Kb1 cxd5 11. exd5 Bd7 12. h4 h5 13. g5 Nh7 14. Nge2 f5 15. gxf6
Bxf6 16. Ng3 Nhf8 17. Nb5 Qxd2 18. Nxd6+ Ke7 19. Ngf5+ Kd8 20. Rxd2 Bxf5 21.
Nxf5 b6 22. Bb5 Nd7 23. Rg1 Ndf8 24. a4 Nxh4 25. Nxh4 Bxh4 26. Rxg7 1-0

[Event "45th Rilton Cup 2015-16"]
[Site "Stockholm SWE"]
[Date "2015.12.30"]
[Round "4.26"]
[White "Martins, David Pires Tavares"]
[Black "Martinsen, Stig K"]
[Result "1-0"]
[WhiteTitle "FM"]
[WhiteElo "2372"]
[BlackElo "2162"]
[WhiteFideId "1909991"]
[BlackFideId "1502824"]
[EventDate "2015.12.27"]

1. Nf3 d6 2. d4 g6 3. g3 f5 4. Bg2 Nf6 5. O-O Bg7 6. c4 O-O 7. Nc3 Na6 8. b3 c6
9. Bb2 Qa5 10. a3 e5 11. b4 Qc7 12. c5 e4 13. cxd6 Qxd6 14. Ne5 Nc7 15. Qc2 Be6
16. Na4 Rab8 17. Rac1 Rfd8 18. Rfd1 Bd5 19. Nc5 Rdc8 20. e3 b6 21. Nb3 Ne6 22.
Nd2 Nd7 23. Ndc4 Qe7 24. Nxd7 Qxd7 25. Ne5 Qe7 26. Qa4 Bxe5 27. dxe5 Ng5 28. e6
Nxe6 29. Qc2 h5 30. h4 Rd8 31. Rd2 Kh7 32. Rcd1 b5 33. Bf1 Rb7 34. Bc3 Ng7 35.
a4 bxa4 36. Qxa4 Qe6 37. Qa5 Rdd7 38. b5 Bb3 39. Rxd7 Rxd7 40. Rxd7 Qxd7 41.
Bxg7 Qxg7 42. bxc6 Be6 43. c7 Bc8 44. Qxa7 Qd7 45. Qc5 Kg7 46. Qe5+ Kh7 47. Kg2
Kg8 48. Bb5 1-0

[Event "45th Rilton Cup 2015-16"]
[Site "Stockholm SWE"]
[Date "2015.12.30"]
[Round "4.27"]
[White "Bit-Narva, David"]
[Black "Arman, Deniz"]
[Result "0-1"]
[BlackTitle "FM"]
[WhiteElo "2096"]
[BlackElo "2332"]
[WhiteFideId "24128856"]
[BlackFideId "6302106"]
[EventDate "2015.12.27"]

1. e4 c5 2. Nf3 d6 3. Bb5+ Nd7 4. c3 a6 5. Ba4 b5 6. Bc2 Bb7 7. O-O Ngf6 8. Re1
c4 9. d4 cxd3 10. Bxd3 Nc5 11. e5 dxe5 12. Nxe5 Nxd3 13. Qxd3 e6 14. Qxd8+ Rxd8
15. Be3 Nd5 16. Bd4 Nf4 17. f3 f6 18. Ng4 Kf7 19. a4 b4 20. Bb6 Rd7 21. Nf2 Nd5
22. Ba5 Bc5 23. Rd1 Ke7 24. c4 Ne3 25. Rxd7+ Kxd7 26. Nd2 Rc8 27. Nb3 Ba7 28. c5
Bd5 29. Re1 Bxb3 30. Rxe3 Rxc5 0-1

[Event "45th Rilton Cup 2015-16"]
[Site "Stockholm SWE"]
[Date "2015.12.30"]
[Round "4.28"]
[White "Grandell, Anders"]
[Black "Storme, Isak"]
[Result "1/2-1/2"]
[WhiteTitle "FM"]
[WhiteElo "2330"]
[BlackElo "1864"]
[WhiteFideId "1709771"]
[BlackFideId "1728113"]
[EventDate "2015.12.27"]

1. Nf3 Nf6 2. g3 c5 3. Bg2 Nc6 4. c4 g6 5. b3 Bg7 6. Bb2 O-O 7. O-O b6 8. d4
cxd4 9. Nxd4 Bb7 10. Nc3 Rb8 11. Nc2 Ne5 12. e4 d6 13. Qe2 Ned7 14. Rfd1 a6 15.
Nd4 Qc7 16. Rac1 Rfc8 17. Nc2 Nc5 18. f3 b5 19. cxb5 Qb6 20. Kh1 axb5 21. Ne3 b4
22. Ncd5 Nxd5 23. Nxd5 Bxd5 24. Rxd5 Qb5 25. Qxb5 Rxb5 26. e5 Bxe5 27. Bxe5 dxe5
28. Bf1 Ra5 29. a3 Rxa3 30. Rdxc5 Rxc5 31. Rxc5 Rxb3 32. Kg2 Rb2+ 33. Kg1 f6 34.
Bc4+ Kg7 35. Rb5 Rb1+ 36. Kg2 Rb2+ 37. Kh3 h5 38. Rb7 Kf8 39. Rb8+ Kg7 40. Re8
Rf2 41. Rxe7+ Kh6 42. Bd5 b3 43. Rb7 b2 44. Rb6 Kg5 45. Be4 Re2 46. Bb1 Rd2 47.
Rb7 Rf2 48. Rg7 f5 49. Rb7 Rxf3 50. Kg2 Rc3 51. Rxb2 Rc6 52. Rb5 Kf6 53. Bd3 e4
54. Be2 Rd6 55. Ra5 Kg5 56. h4+ Kf6 57. Ra8 Kg7 58. Kf2 Kf6 59. Ke3 Rb6 60. Kf4
Rb3 61. Ra6+ Kg7 62. Bc4 Rf3+ 63. Ke5 Rxg3 64. Ra7+ Kf8 65. Kf6 Ke8 66. Be6 Kd8
67. Rd7+ Ke8 68. Rg7 Kd8 69. Rd7+ Ke8 70. Rg7 Kd8 71. Rg8+ Kc7 72. Bxf5 e3 73.
Bxg6 Rg4 74. Re8 Rxh4 75. Rxe3 Rc4 76. Bxh5 Kc6 77. Be8+ Kc5 78. Ke5 Kb4 79. Bf7
Rh4 80. Bd5 Rh5+ 81. Kd6 Rh6+ 82. Be6 Rh2 83. Rb3+ Ka4 84. Rb7 Rh6 85. Rb8 Rg6
86. Kd5 Rh6 87. Kc4 Ka5 88. Bd5 Rb6 89. Ra8+ Ra6 90. Rc8 Rb6 91. Bc6 Ra6 92. Kc5
Rb6 93. Ra8+ Ra6 94. Rh8 Rb6 95. Rh3 Rb5+ 96. Kd6 Rb2 97. Bd5 Kb4 98. Rd3 Kb5
99. Rc3 Kb4 100. Rc4+ Kb3 101. Kc5 Rc2 102. Rxc2+ 1/2-1/2

[Event "45th Rilton Cup 2015-16"]
[Site "Stockholm SWE"]
[Date "2015.12.30"]
[Round "4.29"]
[White "Socko, Monika"]
[Black "Wiander, Michael"]
[Result "1/2-1/2"]
[WhiteTitle "GM"]
[BlackTitle "CM"]
[WhiteElo "2437"]
[BlackElo "2187"]
[WhiteFideId "1106619"]
[BlackFideId "1702580"]
[EventDate "2015.12.27"]

1. d4 e6 2. c4 f5 3. Nf3 Nf6 4. g3 Be7 5. Bg2 O-O 6. O-O d6 7. Nc3 Ne4 8. Qb3
Nxc3 9. bxc3 Nd7 10. c5 Nf6 11. cxd6 cxd6 12. c4 Kh8 13. Be3 Ne4 14. Rad1 Qc7
15. Rc1 Bd7 16. Rfd1 b6 17. Ne1 Rac8 18. Nd3 Bg5 19. Bxg5 Nxg5 20. c5 bxc5 21.
dxc5 d5 22. Qc3 Ba4 23. Rd2 Ne4 24. Bxe4 fxe4 25. Nf4 Rf6 26. e3 Bc6 27. h4 Rcf8
28. Rcd1 Ba4 29. Rb1 Bc6 30. Rbb2 Rd8 31. Qb3 Qf7 32. Qc3 Qc7 33. Qb3 Qf7 34.
Qc3 Qc7 35. Qb3 1/2-1/2

[Event "45th Rilton Cup 2015-16"]
[Site "Stockholm SWE"]
[Date "2015.12.30"]
[Round "4.32"]
[White "Kolbus, Dietmar"]
[Black "Pantzar, Milton"]
[Result "1/2-1/2"]
[WhiteTitle "IM"]
[WhiteElo "2315"]
[BlackElo "2103"]
[WhiteFideId "4610628"]
[BlackFideId "1721003"]
[EventDate "2015.12.27"]

1. c4 c5 2. Nf3 Nc6 3. d4 cxd4 4. Nxd4 g6 5. e4 Bg7 6. Be3 d6 7. Nc3 Nf6 8. Be2
O-O 9. Qd2 Bd7 10. f3 a6 11. O-O Rb8 12. a4 Qa5 13. Rfc1 Rfc8 14. Rab1 Nxd4 15.
Bxd4 Be6 16. b4 Qd8 17. Nd5 Nxd5 18. cxd5 Bxd4+ 19. Qxd4 Bd7 20. a5 Rc7 21. Qe3
Rbc8 22. Qd2 Qf8 23. Rxc7 Rxc7 24. Rc1 Qc8 25. Rxc7 Qxc7 26. Kf2 f5 27. exf5
Bxf5 28. Qd4 Qc2 29. Ke3 Qc1+ 30. Kf2 Qc2 31. Ke3 Qc1+ 32. Kf2 1/2-1/2

[Event "45th Rilton Cup 2015-16"]
[Site "Stockholm SWE"]
[Date "2015.12.30"]
[Round "4.33"]
[White "Kosmo, Santul"]
[Black "Henriksson, Johan"]
[Result "1-0"]
[BlackTitle "FM"]
[WhiteElo "2202"]
[BlackElo "2286"]
[WhiteFideId "504173"]
[BlackFideId "1703560"]
[EventDate "2015.12.27"]

1. e4 c6 2. d4 d5 3. Nd2 dxe4 4. Nxe4 Nf6 5. Nxf6+ gxf6 6. Nf3 Na6 7. Be2 Rg8 8.
O-O Bh3 9. Nh4 Qd7 10. Kh1 Bg4 11. f3 Be6 12. Bxa6 bxa6 13. Qd3 f5 14. Bf4 Bg7
15. Qxa6 Bf6 16. g3 Bxh4 17. gxh4 f6 18. Rad1 Kf7 19. Qe2 Rg7 20. c4 Rag8 21. b3
h5 22. Rfe1 Rg2 23. Qe3 R2g7 24. Re2 Rd8 25. Rde1 Ke8 26. Qxe6 Qxe6 27. Rxe6
Rxd4 28. Be3 Rxh4 29. Bc5 1-0

[Event "45th Rilton Cup 2015-16"]
[Site "Stockholm SWE"]
[Date "2015.12.30"]
[Round "4.35"]
[White "Low, Zhen Yu Cyrus"]
[Black "Norlin, Egor"]
[Result "0-1"]
[WhiteTitle "FM"]
[WhiteElo "2256"]
[BlackElo "2084"]
[WhiteFideId "5804175"]
[BlackFideId "1713973"]
[EventDate "2015.12.27"]

1. e4 e6 2. d4 d5 3. Nd2 Nf6 4. e5 Nfd7 5. f4 c5 6. Ngf3 Nc6 7. c3 f6 8. Nb3 c4
9. Nbd2 b5 10. Be2 Qb6 11. Nf1 Be7 12. Ne3 f5 13. h4 Nf8 14. h5 Bd7 15. Ng5 h6
16. Nh3 O-O-O 17. Rg1 g5 18. hxg6 Nxg6 19. g4 Bh4+ 20. Kf1 Nce7 21. gxf5 exf5
22. Bf3 Be6 23. b3 Rhg8 24. Ba3 Nc6 25. Bc5 Qa5 26. b4 Qa3 27. Qc2 Nge7 28. Ke2
Kd7 29. Rxg8 Rxg8 30. Rg1 Rxg1 31. Nxg1 Ng6 32. Nh3 Nce7 33. Bh5 Bg3 34. Bxg6
Nxg6 35. Nxf5 Nxf4+ 36. Nxf4 Bxf4 37. Kf3 Qc1 38. Qxc1 Bxc1 39. Ng3 Bd2 40. Ne2
a6 41. Kg3 Be1+ 42. Kf3 h5 43. Nf4 h4 44. Ng2 Bg3 45. Ne3 Be1 46. Ng2 Bg3 47.
Ne3 Ke8 48. Ng2 Bf5 49. Nf4 Bxf4 50. Kxf4 Be6 51. Bb6 Kf7 52. Bd8 h3 53. Kg3 Kg6
54. Bh4 Kf5 55. Kxh3 Ke4+ 56. Kg2 Kd3 57. Be1 Ke2 58. Bf2 Kd2 59. Kf3 Kxc3 60.
Kf4 Kd3 61. Be3 c3 62. a3 c2 63. Kf3 Bd7 64. Kf4 Bc8 65. Kf3 Kc3 66. Kf4 Kb2 67.
Kg5 c1=Q 68. Bxc1+ Kxc1 69. Kf6 Kd2 70. e6 Kc3 71. Ke5 Bxe6 0-1

[Event "45th Rilton Cup 2015-16"]
[Site "Stockholm SWE"]
[Date "2015.12.30"]
[Round "4.36"]
[White "Haug, Johannes"]
[Black "Risting, Eivind Olav"]
[Result "1-0"]
[WhiteTitle "FM"]
[BlackTitle "FM"]
[WhiteElo "2247"]
[BlackElo "1985"]
[WhiteFideId "1509268"]
[BlackFideId "1517333"]
[EventDate "2015.12.27"]

1. e4 e6 2. d4 d5 3. Nd2 Nf6 4. e5 Nfd7 5. Bd3 c5 6. c3 Nc6 7. Ne2 cxd4 8. cxd4
f6 9. exf6 Nxf6 10. O-O Bd6 11. Nf3 Qc7 12. Nc3 a6 13. Bd2 O-O 14. Rc1 Bd7 15.
Re1 b5 16. Bb1 Rae8 17. Be3 Qb8 18. h3 Kh8 19. Ng5 Bf4 20. Qd2 Bxe3 21. Qxe3 e5
22. dxe5 Rxe5 23. Qd2 Qd6 24. b3 Kg8 25. Nf3 Rxe1+ 26. Rxe1 Rd8 27. Rd1 Be6 28.
Ng5 h6 29. Nxe6 Qxe6 30. Re1 Qd7 31. Bg6 Ne7 32. Bb1 Nc6 33. Bg6 Ne7 34. Bc2 Nc6
35. Rd1 Qe7 36. Ne2 Qe5 37. Bb1 Qd6 38. Ng3 Ne7 39. Re1 d4 40. Qe2 Ned5 41. Nf5
Qb6 42. Qf3 Qa7 43. Qd3 Nc3 44. Ne7+ Kh8 45. Nc6 Qd7 46. Nxd8 Qxd8 47. a3 Kg8
48. Bc2 Qd6 49. b4 Qf4 50. Bb3+ Kh8 51. Bc2 Kg8 52. g3 Qd6 53. Qg6 Qd7 54. Bf5
Qd8 55. Re6 1-0

[Event "45th Rilton Cup 2015-16"]
[Site "Stockholm SWE"]
[Date "2015.12.30"]
[Round "4.37"]
[White "Grove, Peter"]
[Black "Lundin, Jan"]
[Result "0-1"]
[BlackTitle "FM"]
[WhiteElo "2133"]
[BlackElo "2230"]
[WhiteFideId "1411101"]
[BlackFideId "1706896"]
[EventDate "2015.12.27"]

1. Nf3 d5 2. c4 e6 3. d4 c5 4. cxd5 exd5 5. g3 Nc6 6. Bg2 Nf6 7. O-O Be7 8. Nc3
O-O 9. Bg5 cxd4 10. Nxd4 Re8 11. Rc1 h6 12. Bxf6 Bxf6 13. Nxc6 bxc6 14. Na4 Bg4
15. Re1 Rc8 16. b3 Qa5 17. Qd3 Qb5 18. Qxb5 cxb5 19. Nc5 b4 20. f3 Bc3 21. Red1
Rxc5 22. fxg4 Rxe2 23. Kf1 Re5 24. Bf3 Kf8 25. Be2 Rc6 26. Rc2 Rf6+ 27. Kg2 Ke7
28. Bd3 d4 29. Bc4 Rc6 30. Bf1 Rcc5 31. Bd3 Re3 32. Rf2 f6 33. Rc2 Kd6 34. Rf2
Rce5 35. Bc4 Kc5 36. Bd3 Kb6 37. Bc4 Ra5 38. Bd3 Ree5 39. Rc2 Re3 40. Rf2 Rc5
41. Bf5 Rce5 42. Bd3 Kc5 43. Bc4 a5 44. Rff1 a4 45. Rf2 a3 46. Rff1 Bb2 47. Bd3
Kb6 48. Rf5 Kc5 49. Rff1 Bc3 50. Bc4 Kd6 51. Bd3 Be1 52. Bc4 Kc5 53. Bd3 Bc3 54.
Bc4 Re1 55. Rfxe1 Bxe1 56. Kf1 Bc3 57. Kf2 Re4 58. Kf3 Re3+ 59. Kf2 Re5 60. Be2
Kd6 61. Rd3 Rc5 62. Rd1 Bb2 63. Bd3 Rc3 64. Ke2 Bc1 65. Rf1 Be3 66. Bg6 Bc1 67.
Bd3 Bb2 68. Rd1 Rc5 69. Kf3 Re5 70. Be4 Bc3 71. Bd3 Re3+ 72. Kf2 Ke5 73. Bg6 Bb2
74. Bb1 Bc3 75. Bg6 Kd6 76. Bb1 Re7 77. Bd3 Kc5 78. Be2 Bb2 79. Bd3 Re5 80. Be2
f5 81. h3 Bc3 82. Rd3 fxg4 83. hxg4 Re3 84. Rd1 Kd5 85. Bf3+ Ke5 86. Bc6 Kf6 87.
Bb5 Kg5 88. Be2 Bb2 89. Rh1 Kf6 90. Bc4 Rc3 91. Be2 d3 92. Bf3 Bc1 93. Bd1 Bd2
94. Kf3 Ke5 95. Rh5+ Bg5 0-1

[Event "45th Rilton Cup 2015-16"]
[Site "Stockholm SWE"]
[Date "2015.12.30"]
[Round "4.38"]
[White "Petersson, Baldur Teodor"]
[Black "Hammar, Bengt"]
[Result "1-0"]
[BlackTitle "FM"]
[WhiteElo "1870"]
[BlackElo "2210"]
[WhiteFideId "2309157"]
[BlackFideId "1700391"]
[EventDate "2015.12.27"]

1. e4 c5 2. Nc3 d6 3. g3 Nc6 4. Bg2 g6 5. d3 Bg7 6. f4 e6 7. Nf3 Nge7 8. O-O Rb8
9. Be3 Nd4 10. e5 Nef5 11. Bf2 Nxf3+ 12. Qxf3 b6 13. g4 Bb7 14. Ne4 dxe5 15.
fxe5 O-O 16. Qh3 Bxe4 17. Bxe4 Ne7 18. Qg3 Qc7 19. d4 cxd4 20. Bxd4 Nc6 21. Bxc6
Qxc6 22. c3 Rbd8 23. g5 Rd5 24. Rae1 Qa4 25. Re3 h5 26. gxh6 Bxh6 27. Rd3 Bg7
28. Kh1 Qxa2 29. Qh4 Qc4 30. Rff3 Rxe5 31. b3 Rh5 32. Qe7 Qc6 33. Bxg7 Kxg7 34.
Kg1 Qc5+ 35. Qxc5 Rxc5 36. Rd7 Ra5 37. Rb7 Ra2 38. b4 g5 39. Rd3 Kg6 40. c4 Rc8
41. Rc3 Rd8 42. Rc1 Rdd2 43. c5 bxc5 44. bxc5 Rg2+ 45. Kh1 Rxh2+ 46. Kg1 Rhc2
47. Rbb1 Rxc1+ 48. Rxc1 Rd2 49. c6 Rd8 50. Kf2 Rc8 51. Ke3 Kf6 52. Kd4 Ke7 53.
Kc5 Rc7 54. Rb1 f5 55. Rb7 Kd8 56. Rb8+ Rc8 57. Rb7 g4 58. Kd6 Rxc6+ 59. Kxc6 g3
60. Rxa7 Ke8 61. Kd6 Kf8 62. Ke5 1-0

[Event "45th Rilton Cup 2015-16"]
[Site "Stockholm SWE"]
[Date "2015.12.30"]
[Round "4.39"]
[White "Schitco, Ivan"]
[Black "Darnell, Anton"]
[Result "1-0"]
[WhiteElo "2210"]
[BlackElo "1979"]
[WhiteFideId "13905465"]
[BlackFideId "1720244"]
[EventDate "2015.12.27"]

1. d4 d5 2. c4 dxc4 3. Nf3 Nf6 4. e3 b5 5. a4 b4 6. Bxc4 e6 7. O-O Be7 8. Qe2
Bb7 9. b3 O-O 10. Bb2 Nbd7 11. Nbd2 c5 12. Rac1 Rc8 13. Rfd1 Qc7 14. Bd3 Rfd8
15. Nc4 Nd5 16. Nfe5 N7f6 17. Bb1 Qb8 18. Na5 a6 19. Nxb7 Qxb7 20. Bd3 Qb6 21.
Bxa6 Rc7 22. Bc4 Ne4 23. Bxd5 Rxd5 24. Nc4 Qa6 25. Qc2 Nd6 26. Nxd6 Bxd6 27. Qc4
Qb6 28. Qf1 Bxh2+ 29. Kxh2 Rh5+ 30. Kg1 e5 31. dxc5 Qf6 32. g3 Kf8 33. Qg2 1-0

[Event "45th Rilton Cup 2015-16"]
[Site "Stockholm SWE"]
[Date "2015.12.30"]
[Round "4.40"]
[White "Kharmunova, Nadezhda"]
[Black "Percivaldi, Martin"]
[Result "1/2-1/2"]
[WhiteTitle "WIM"]
[BlackTitle "FM"]
[WhiteElo "2132"]
[BlackElo "2260"]
[WhiteFideId "4195876"]
[BlackFideId "1508148"]
[EventDate "2015.12.27"]

1. e4 e6 2. d4 d5 3. Nc3 Nf6 4. Bg5 Bb4 5. e5 h6 6. Bh4 g5 7. Bg3 Ne4 8. Ne2 c5
9. a3 Bxc3+ 10. Nxc3 Nxc3 11. bxc3 Qa5 12. Qd2 Nc6 13. dxc5 Qxc5 14. Be2 Bd7 15.
Rb1 O-O-O 16. Rb5 Qxa3 17. O-O Ne7 18. Rb4 Nf5 19. f4 Nxg3 20. hxg3 Bc6 21. fxg5
hxg5 22. Rxf7 Rhf8 23. Rf6 a5 24. Rg4 Qc5+ 25. Kf1 Rxf6+ 26. exf6 Rh8 27. Qd4
Qxd4 28. cxd4 Rf8 29. Rxg5 Rxf6+ 30. Ke1 Kd7 31. Bf3 a4 32. Kd2 Rh6 33. Kc3 Rh1
34. Kb2 b5 35. Rg8 Kc7 36. c3 Rf1 37. g4 Rf2+ 38. Kb1 a3 39. g5 b4 40. cxb4 Ba4
41. Ra8 a2+ 42. Ka1 Bb3 43. g6 Rf1+ 44. Kb2 Rb1+ 45. Kc3 a1=Q+ 46. Rxa1 Rxa1 47.
Kxb3 Ra8 48. Be2 Rf8 49. Kc3 Kd6 50. b5 Rf5 51. Kb4 Rg5 52. Bd3 Rxg2 53. Kc3 Kc7
54. Kb4 Kb6 55. Kc3 Kc7 56. Kb4 Kd6 57. Kc3 Rg4 58. Bb1 Rg2 1/2-1/2

[Event "45th Rilton Cup 2015-16"]
[Site "Stockholm SWE"]
[Date "2015.12.30"]
[Round "4.41"]
[White "Rodshtein, Tereza"]
[Black "Adler, Bo"]
[Result "1-0"]
[WhiteTitle "WGM"]
[WhiteElo "2278"]
[BlackElo "2174"]
[WhiteFideId "325449"]
[BlackFideId "1702149"]
[EventDate "2015.12.27"]

1. e4 e5 2. Nf3 Nc6 3. Bb5 a6 4. Ba4 f5 5. d4 fxe4 6. Nxe5 Nf6 7. O-O Bd6 8. f4
Qe7 9. c3 Nd8 10. Nd2 c6 11. Bc2 Bc7 12. Nxe4 O-O 13. Qd3 Nxe4 14. Qxe4 g6 15.
g3 d6 16. Nf3 Qg7 17. Re1 Nf7 18. Qe7 Bd8 19. Qe3 Nh6 20. Bd2 Kh8 21. c4 Bf6 22.
Bc3 Bg4 23. Ng5 Bf5 24. Bb3 Bd7 25. d5 Nf5 26. Bxf6 Qxf6 27. Qc3 Nd4 28. Ne4 Qg7
29. Nxd6 Bg4 30. Bd1 Bxd1 31. Raxd1 c5 32. Ne4 Rae8 33. Kg2 b6 34. Ng5 Qf6 35.
Nf3 Kg8 36. Nxd4 cxd4 37. Qd3 Re3 38. Rxe3 dxe3 39. Qxe3 Qxb2+ 40. Rd2 Qc1 41.
Qd3 b5 42. Rc2 Qe1 43. c5 Re8 44. d6 Re3 45. Qd2 1-0

[Event "45th Rilton Cup 2015-16"]
[Site "Stockholm SWE"]
[Date "2015.12.30"]
[Round "4.42"]
[White "Tuomainen, Felix"]
[Black "Brinck-Claussen, Bjorn"]
[Result "1-0"]
[BlackTitle "IM"]
[WhiteElo "2022"]
[BlackElo "2244"]
[WhiteFideId "1720813"]
[BlackFideId "1400134"]
[EventDate "2015.12.27"]

1. d4 Nf6 2. c4 e6 3. Nc3 Bb4 4. Qc2 c5 5. dxc5 O-O 6. Nf3 Na6 7. Bf4 Nxc5 8. a3
Bxc3+ 9. Qxc3 b6 10. e3 Bb7 11. Be2 d5 12. O-O dxc4 13. Rfd1 Nd5 14. Qxc4 Ba6
15. Qc2 Bxe2 16. Qxe2 Nxf4 17. exf4 Qf6 18. g3 Nb3 19. Rab1 Rad8 20. Ne5 Rxd1+
21. Rxd1 Rd8 22. Kg2 Rd5 23. Rxd5 exd5 24. Qb5 g5 25. Qxb3 gxf4 26. Qxd5 1-0

[Event "45th Rilton Cup 2015-16"]
[Site "Stockholm SWE"]
[Date "2015.12.30"]
[Round "4.43"]
[White "Jonsson, Emil"]
[Black "Glimbrant, Torbjorn"]
[Result "1/2-1/2"]
[WhiteElo "2156"]
[BlackElo "2192"]
[WhiteFideId "1712268"]
[BlackFideId "1700995"]
[EventDate "2015.12.27"]

1. e4 c5 2. c3 e6 3. d4 d5 4. exd5 exd5 5. Bb5+ Nc6 6. Nf3 Bd6 7. O-O Ne7 8.
dxc5 Bxc5 9. Nbd2 O-O 10. Nb3 Bd6 11. h3 Bc7 12. Re1 Qd6 13. Bxc6 Nxc6 14. Be3
Rd8 15. Bg5 f6 16. Be3 Ne5 17. Nbd4 a6 18. Kf1 Bd7 19. Bf4 Re8 20. Qb3 Qc5 21.
Be3 Nc4 22. Nc2 Qb5 23. Kg1 Nxb2 24. Rab1 Nc4 25. Qxb5 Bxb5 26. Nfd4 Bc6 27. Nb4
Ba5 28. Nf5 Bxb4 29. Rxb4 Bd7 30. Nd4 b5 31. Rbb1 Rac8 32. Rbc1 Kf7 33. Kf1
Nxe3+ 34. Rxe3 Rxe3 35. fxe3 b4 36. Ke2 bxc3 37. Kd3 Bb5+ 38. Nxb5 axb5 39. Rxc3
Ra8 40. a3 Ke6 41. Rb3 Ke5 42. Kc3 Ra4 43. Kb2 Ra5 44. Kc3 Ra4 45. Kb2 Ra5 46.
Kc3 Ra4 47. Kb2 1/2-1/2

[Event "45th Rilton Cup 2015-16"]
[Site "Stockholm SWE"]
[Date "2015.12.30"]
[Round "4.44"]
[White "Rothen, Hakan"]
[Black "Ask, Josef"]
[Result "1/2-1/2"]
[WhiteTitle "FM"]
[WhiteElo "2297"]
[BlackElo "2180"]
[WhiteFideId "1700723"]
[BlackFideId "1704583"]
[EventDate "2015.12.27"]

1. d4 Nf6 2. c4 g6 3. Nc3 Bg7 4. e4 d6 5. Nf3 O-O 6. Be2 Bg4 7. O-O Nfd7 8. Be3
a6 9. Qd2 c5 10. d5 b5 11. cxb5 Qa5 12. bxa6 Nxa6 13. Bh6 Bxh6 14. Qxh6 Bxf3 15.
Bxf3 Rfb8 16. Qd2 c4 17. b3 cxb3 18. axb3 Qb4 19. Ra4 Qxb3 20. Rfa1 Ndc5 21. Bd1
Qb7 22. R4a3 Qb4 23. f3 Nc7 24. Rxa8 Rxa8 25. Rb1 Qa5 26. h4 Qa7 27. Kh2 Rb8 28.
Qa2 N7a6 29. Be2 Rxb1 30. Qxb1 h5 31. Qb2 Nc7 32. Bc4 Nd7 33. Nd1 Qc5 34. Be2 e5
35. Qc3 Qb6 36. Qe3 Kg7 37. g3 Qa5 38. Qc3 Qa2 39. Qb2 Qa5 40. Nf2 Qc5 41. Bf1
Qe3 42. Kg2 Nf6 43. Qb7 Nfe8 44. Qc8 Qd2 45. Qd7 Qc2 46. Bb5 Nxb5 47. Qxb5 Kf8
48. Qa6 Ke7 49. Qa7+ Qc7 50. Qe3 Qc2 51. Qg5+ Nf6 52. Qe3 Qb2 53. Qa7+ Nd7 54.
Qa8 Qd2 55. Qa7 Qe2 56. Qa3 Qd2 57. Qd3 Qxd3 58. Nxd3 f5 59. Nf2 Nf6 60. Kf1 Kd7
61. Ke2 Kc7 62. Kd3 fxe4+ 63. fxe4 Kb6 64. Nh3 Nh7 65. Ng1 Kc5 66. Nf3 Kb4 67.
Ne1 Nf6 68. Nf3 Nh7 69. Ng1 1/2-1/2

[Event "45th Rilton Cup 2015-16"]
[Site "Stockholm SWE"]
[Date "2015.12.30"]
[Round "4.45"]
[White "Zeier, Klaus"]
[Black "Nilsson, Joakim 2000"]
[Result "1-0"]
[WhiteElo "2262"]
[BlackElo "2091"]
[WhiteFideId "4696050"]
[BlackFideId "1723383"]
[EventDate "2015.12.27"]

1. e4 c5 2. Nf3 e6 3. d3 b6 4. g3 Bb7 5. Bg2 d5 6. Nbd2 dxe4 7. dxe4 Nf6 8. e5
Nfd7 9. O-O Be7 10. Re1 O-O 11. Nc4 Qc7 12. Qe2 Rd8 13. Bg5 Bxg5 14. Nxg5 Bxg2
15. Kxg2 h6 16. Nf3 Nc6 17. a4 Nf8 18. c3 Ng6 19. h4 Nge7 20. h5 Nd5 21. Qe4
Rab8 22. g4 Qe7 23. Kh3 Na5 24. Ne3 Nxe3 25. Rxe3 Qb7 26. Qf4 Qd5 27. g5 Nc4 28.
Re4 Nd2 29. Nxd2 Qxd2 30. gxh6 Qxf4 31. Rxf4 Rd5 32. Rg1 Rxe5 33. Rxg7+ Kh8 34.
Kh4 f5 35. Rxa7 Re1 36. Kg5 Rf8 37. Rf3 e5 38. Rd3 Rg1+ 39. Rg3 Rd1 40. Re7 e4
41. Kf4 Rd2 42. Rgg7 Rxf2+ 43. Ke5 Rd8 44. Rh7+ 1-0